01396nam a2200241Ia 4500001000900000003001000009008004100019040002500060041001300085100002300098245005900121250001100180260006200191300001200253500026000265501011400525520026000639650004300899942000700942957000600949999004100955952015800996L130-864IT-CnALBA170116s9999||||xx |||||||||||||| ||und|| aIT-CnALBAcIT-CnALBA aITALIANO aFLAMMARION CAMILLO 0aMORTE (LA) E IL SUO MISTERO. VOL. III. DOPO LA MORTE.  a1a ed. aMILANObSONZOGNO EDOARDO, EDITORE. c1937 [1° Ed.: n.d.] a222 p.  aTRADUZIONE DAL FRANCESE FUSCO FEDERICO. MANIFESTAZIONI E APPARIZIONI DI DEFUNTI. MORTI RICOMPARSI PER COSE PERSONALI. TESTAMENTI RITROVATI. RIVELAZIONI POSTUME. CLASSIFICAZIONE DELLE APPARIZIONI IN RAPPORTO AL TEMPO DEL DECESSO. RIABILITAZIONE DELLE PERSO aSocietà San Paolo EM - Piazza San Paolo, 14 - 12051 ALBA (CN) (non commercial uses only) ® Copyright 2017 aTRADUZIONE DAL FRANCESE FUSCO FEDERICO. MANIFESTAZIONI E APPARIZIONI DI DEFUNTI. MORTI RICOMPARSI PER COSE PERSONALI. TESTAMENTI RITROVATI. RIVELAZIONI POSTUME. CLASSIFICAZIONE DELLE APPARIZIONI IN RAPPORTO AL TEMPO DEL DECESSO. RIABILITAZIONE DELLE PERSO aPSICOLOGIA POPOL. PARAPSICOL. OCCULTIS cBK 71 a960bSI g Copie: 1 c260097d260097 0010406L_13086471aALBAbALBAd2017-01-16l0oL130-864r2017-01-16 00:00:00w2017-01-16yBKz(data import: 16 gennaio 2017) - By Epidotti, Vaglietti.